Datum a čas kvízu
33.5
Celkem bodů
Celkový počet nahraných bodů na tomto kvízu bez doplňovacích otázek.
3.
Pořadí na kvízu
Konečné umístění týmu na tomto kvízu.
Zaznamenané odpovědi
| # | Otázka | Odpověď | Body | Výsledky |
|---|---|---|---|---|
| 1. | Ve středu do toho „praštil“ da... | Lucie Šafářová, Tomáš Plekanec | 1 | |
| 2. | Minulý týden jsme mohli sledov... | La Palma | 1 | |
| 3. | Elon Musk plní stránky novin i... | Grimes | 0 | |
| 4. | Čínská centrální banka v pátek... | kryptoměnové transakce | 1 | |
| 5. | Česká republika získala na mis... | Václav Chaloupka | 0 | |
| 6. | V pátém díle našeho cestovatel... | Pražský kraj | 1 | |
| 7. | Jedním z nejnavštěvovanějších... | V gotickém slohu. | 1 | |
| 8. | V tomto kraji najdeme i výběh... | V Berouně. | 1 | |
| 9. | Středočeský kraj je spojen ta... | Bobeš | 1 | |
| 10. | V tomto kraji najdeme také spo... | V Dobříši. | 1 |